000 00298nam a2200109Ia 4500
008 171211s9999 xx 000 0 und d
245 _aMichael Graves: Design for Life
245 _cIan Volner
260 _c2017
650 _xArchitecture
856 _uhttp://down.ebook777.com/065/9781616895631.pdf
999 _c350009
_d350009